Maisie Peters -Yoko - Statistics

General Stats
  • This quiz has been taken 59 times
  • The average score is 345 of 405
Answer Stats
Answer % Correct
a
100%
you
100%
You
100%
an
97%
but
97%
But,
97%
I
97%
me
97%
that
97%
the
97%
The
97%
to
97%
Yoko
97%
as
94%
band
94%
be
94%
Beatles
94%
broke
94%
it
94%
It
94%
misunderstood
94%
never
94%
so
94%
So
94%
too
94%
up
94%
we
94%
We
94%
When
94%
when
94%
and
92%
And
92%
Did
92%
know
92%
no
92%
of
92%
that’s
92%
22
89%
being
89%
Guess
89%
guess
89%
people
89%
Should’ve
89%
should’ve
89%
tell
89%
Then
89%
then
89%
were
89%
we’re
89%
yeah,
89%
“Don’t
86%
don’t
86%
even
86%
go”
86%
lot
86%
mean
86%
now
86%
things
86%
could
83%
Didn’t
83%
didn’t
83%
“Goodbye”
83%
It’s
83%
it’s
83%
other
83%
said
83%
told
83%
truth
83%
was
83%
Can
81%
“Fine”
81%
in
81%
man,
81%
my
81%
seeing
81%
try
81%
all
78%
came
78%
late
78%
out
78%
at
75%
knew
75%
meant
75%
world
75%
for
72%
gave
72%
listen
72%
listen?
72%
not
72%
whole
72%
answer,
69%
just
69%
mirror
69%
playlist?
69%
songs
69%
wide
69%
can’t
67%
have
67%
Paul
67%
Say
67%
called
64%
driving
64%
fast
64%
journal
64%
lied
64%
phone,
64%
scared
64%
villain
64%
want
64%
wanted
64%
wrong
64%
come
61%
Funny,
61%
girl
61%
hero
61%
shame
61%
Sometimes
61%
always
58%
been
58%
chose
58%
couldn’t
58%
fell
58%
leaving
58%
moment,
58%
Thought
58%
felt
56%
felt,
56%
right
56%
secret
56%
talk
56%
honest,
53%
how
53%
option
53%
past
53%
please
53%
something
53%
talked
53%
through
53%
universe
53%
happened
50%
put
50%
above
47%
signs
47%
doubt
44%
many
44%
those
44%
about,
42%
Got
42%
stuff
42%
chickened
39%
McCartney’s
39%
face
36%
arsehole,
31%
No matching quizzes found
Score Distribution
Percent of People with Each Score
Percentile by Number Answered
Your Score History
You have not taken this quiz